Memoria de las aguas minero-medicinales de Larrauri (Vizcaya) / (Record no. 162738)

MARC details
000 -LEADER
campo de control de longitud fija 00902nam a2200205 i 4500
001 - NÚMERO DE CONTROL
campo de control 162738
003 - IDENTIFICADOR DE NÚMERO DE CONTROL
campo de control ES-MaACL
005 - FECHA Y HORA DE LA ÚLTIMA TRANSACCIÓN
campo de control 20230906212607.0
008 - DATOS DE LONGITUD FIJA--INFORMACIÓN GENERAL
campo de control de longitud fija 931025s1886 sp |||| | spa d
100 1# - ENTRADA PRINCIPAL--NOMBRE DE PERSONA
Nombre de persona Pulido, Ángel,
Fechas asociadas al nombre 1852-1932
9 (RLIN) 149324
245 10 - MENCIÓN DEL TÍTULO
Título Memoria de las aguas minero-medicinales de Larrauri (Vizcaya) /
Mención de responsabilidad, etc. por Ángel Pulido Fernández ; y análisis de las mismas por Manuel Sáenz Díez.
260 ## - PUBLICACIÓN, DISTRIBUCIÓN, ETC.
Lugar de publicación, distribución, etc. Bilbao :
Nombre del editor, distribuidor, etc. [s.n.],
Fecha de publicación, distribución, etc. 1886 (
Fabricante Tip. Católica de San Francisco de Sales)
300 ## - DESCRIPCIÓN FÍSICA
Extensión 45 p. ;
Dimensiones 21 cm.
530 ## - NOTA DISPONIBLE DE FORMULARIO FÍSICO ADICIONAL
Nota de formato físico adicional disponible Disponible en formato digital.
650 ## - PUNTO DE ACCESO ADICIONAL DE MATERIA--TÉRMINO DE MATERIA
Término de materia o nombre geográfico como elemento de entrada Aguas minerales-
Subdivisión geográfica País Vasco.
9 (RLIN) 172296
700 1# - ENTRADA AGREGADA--NOMBRE PERSONAL
Nombre de persona Sáenz Díez, Manuel.
9 (RLIN) 101327
852 ## - LOCALIZACIÓN
Ubicación ES-MaACL
Número de control de estantería T-470-F-10
Nota libre - Enc. hol., falto de cub. original
-- - Enc. en un vol. facticio
856 ## - LOCALIZACIÓN Y ACCESO ELECTRÓNICOS
Identificador Uniforme de Recursos <a href="http://bdh-rd.bne.es/viewer.vm?id=0000202857&page=1 ">http://bdh-rd.bne.es/viewer.vm?id=0000202857&page=1 </a>
Nota pública Biblioteca Digital Hispánica
Holdings
Estatus retirado Estado de pérdida Estado de daño No para préstamo Colección Biblioteca de origen Biblioteca actual Ubicación en estantería Fecha de adquisición Total de préstamos Signatura topográfica completa Código de barras Visto por última vez Precio de reemplazo Tipo de ítem Koha
        Colección de folletos Biblioteca del Ateneo de Madrid Biblioteca del Ateneo de Madrid Depósito folletos 17/01/2008   T-470-F-10 1170501 23/02/2023 23/02/2023 Folleto